1865 W.B. Yeast 1965 : (Record no. 128764)

MARC details
000 -LEADER
fixed length control field 00840nam a22002537a 4500
005 - DATE AND TIME OF LATEST TRANSACTION
control field 20170124110045.0
010 ## - LIBRARY OF CONGRESS CONTROL NUMBER
LC control number 476819
020 ## - INTERNATIONAL STANDARD BOOK NUMBER
Terms of availability 00.00
035 ## - SYSTEM CONTROL NUMBER
System control number 476819
037 ## - SOURCE OF ACQUISITION
Source of stock number/acquisition Cen Lib/Ret
040 ## - CATALOGING SOURCE
Original cataloging agency DPL
Language of cataloging EN
082 ## - DEWEY DECIMAL CLASSIFICATION NUMBER
Classification number 880.8
Item number WBY
245 ## - TITLE STATEMENT
Title 1865 W.B. Yeast 1965 :
Statement of responsibility, etc edited by D.E.S. Maxwell [and] S.B. Bushrui
Remainder of title centralry essys onthe art of W.B. Yeast /
246 ## - VARYING FORM OF TITLE
Title proper/short title One thousand eight hundred sixty five w.b. yeats 1965 :
Remainder of title centralry essys onthe art of W.B. Yeast /
260 ## - PUBLICATION, DISTRIBUTION, ETC. (IMPRINT)
Place of publication, distribution, etc Nigeria
Name of publisher, distributor, etc Ibadan Unversity Press
Date of publication, distribution, etc 1965
270 ## - ADDRESS
City Nigeria
300 ## - PHYSICAL DESCRIPTION
Extent xvi,252p.
Dimensions 21cm(Hb)
500 ## - GENERAL NOTE
General note Includes index
650 ## - SUBJECT ADDED ENTRY--TOPICAL TERM
Topical term or geographic name as entry element English literature
9 (RLIN) 101839
650 ## - SUBJECT ADDED ENTRY--TOPICAL TERM
Topical term or geographic name as entry element Nationalism
9 (RLIN) 101840
700 ## - ADDED ENTRY--PERSONAL NAME
Personal name Maxwell, D.E.S
9 (RLIN) 23691
700 ## - ADDED ENTRY--PERSONAL NAME
Personal name Bushrui, S.B.
9 (RLIN) 24373
942 ## - ADDED ENTRY ELEMENTS (KOHA)
Source of classification or shelving scheme Dewey Decimal Classification
Koha item type English Books
Classification part 880.8
Call number suffix WBY
Holdings
Withdrawn status Lost status Damaged status Not for loan Home library Current library Date acquired Source of acquisition Cost, normal purchase price Total Checkouts Total Renewals Full call number Barcode Date last seen Date checked out Copy number Cost, replacement price Price effective from Koha item type
        Central Library Central Library 03/07/2015 Cen Lib/Ret 0.00 2 2 880.8 WBY 476819 28/05/2025 18/03/2025 1 0.00 03/07/2015 English Books

© Delhi Public Library
Hit Counter
free hit counter